Hướng dẫn giảng dạy nghề thêu : Cho thanh thiếu niên, học sinh - sinh viên sau cai nghiện
Tài liệu nêu lên những vấn đề chung về tình hình nghiện ma túy hiện nay và dạy nghề thêu cho thanh thiếu niên sau cai nghiện.
Sparad:
| Institutionella upphovsmän: | , |
|---|---|
| Materialtyp: | Bok |
| Språk: | Undetermined |
| Publicerad: |
Hà Nội
[Giáo dục]
2009
|
| Ämnen: | |
| Taggar: |
Lägg till en tagg
Inga taggar, Lägg till första taggen!
|
| Thư viện lưu trữ: | Trung tâm Học liệu Trường Đại học Cần Thơ |
|---|
| LEADER | 00985nam a2200217Ia 4500 | ||
|---|---|---|---|
| 001 | CTU_169495 | ||
| 008 | 210402s9999 xx 000 0 und d | ||
| 082 | |a 746.44 | ||
| 082 | |b B105 | ||
| 110 | |a Bộ Giáo dục và Đào tao. | ||
| 110 | |b Ban chỉ đạo phòng, chống AIDS, ma tuý và TNXH | ||
| 245 | 0 | |a Hướng dẫn giảng dạy nghề thêu : | |
| 245 | 0 | |b Cho thanh thiếu niên, học sinh - sinh viên sau cai nghiện | |
| 245 | 0 | |c Bộ Giáo dục và Đào tao. Ban chỉ đạo phòng, chống AIDS, ma tuý và TNXH | |
| 260 | |a Hà Nội | ||
| 260 | |b [Giáo dục] | ||
| 260 | |c 2009 | ||
| 520 | |a Tài liệu nêu lên những vấn đề chung về tình hình nghiện ma túy hiện nay và dạy nghề thêu cho thanh thiếu niên sau cai nghiện. | ||
| 650 | |a Embroidery,Nghề thêu | ||
| 904 | |i Liên,Qhieu | ||
| 980 | |a Trung tâm Học liệu Trường Đại học Cần Thơ | ||